| 000 | 00770nam a2200205Ia 4500 | ||
|---|---|---|---|
| 003 | GCL | ||
| 008 | 140319s9999 xx 000 0 ara d | ||
| 040 |
_aGCL / _cGCL |
||
| 082 | 0 | 4 |
_a923.1612 _bم ف |
| 100 | 1 | _aفضل عفاش | |
| 245 | 1 | 0 |
_aالماضى يبدا غدا:تاريخ فى رواية :قصة حياة الزعيم العربى معمر القذافى فى حياة عربى وحدوى(ج 1) / _cفضل عفاش |
| 300 | _a215 ص | ||
| 490 |
_aالهيئة العامة للاستعلامات _v0 |
||
| 650 | 0 | 4 | _aالتاريخ |
| 650 | 0 | 4 | _aمعمر القذافى |
| 650 | 0 | 4 | _aليبيا - تاريخ - العصر الحديث |
| 650 | 0 | 4 | _aالتاريخ - تراجم |
| 650 | 0 | 4 | _aليبيا - رؤساء الجمهورية |
| 942 |
_2ddc _cBK |
||
| 999 |
_c51941 _d51941 |
||